000 00536nam a2200169Ia 4500
008 090201s9999 xx 000 0 und d
010 _aKPL-26726
040 _bमराठी
041 _aमराठी
082 _a23102
_b26726
100 _aबापू कुंभोजकर
245 _aगंगेत घोड न्हांल
_cबापू कुंभोजकर
260 _c2004
_bअ.ब.क.
300 _a190
_bलहान
600 _aगंगेत घोड न्हांल
942 _cBOOK
999 _c222589
_d222589